Accountability and transparency <a> guide for state ownership

Uložené v:
Podrobná bibliografia
Médium: Kniha
Jazyk:English
Vydavateľské údaje: Paris OECD 2010
Edícia:Corporate governance
Predmet:
Tagy: Pridať tag
Žiadne tagy, Buďte prvý, kto otaguje tento záznam!

MARC

LEADER 00000nam a2200000 4500
001 0126321
005 20240313132717.4
020 |a 978-92-64-05663-3 
041 0 |a eng 
044 |a FR 
245 1 0 |a Accountability and transparency  |b <a> guide for state ownership 
264 1 |a Paris  |b OECD  |c 2010 
300 |a 128 s. 
490 1 |a Corporate governance 
830 0 |a Corporate governance 
610 2 0 |a vlastníctvo štátne 
610 2 0 |a podnik štátny 
610 2 0 |a riadenie podnikové 
610 2 0 |a výkony podnikové 
610 2 0 |a správy výročné 
610 2 0 |a audit 
610 2 0 |a parlamenty